1125 1571 1148 1348 1096 1503 1254 1361 1062 1017 1779 1531 1534 1466 1664 1035 1453 1869 1033 1192 1176 1992 1867 1549 1652 1827 1962 1321 1159 1771 1274 1612 1411 1328 1699 1574 1216 1305 1919 1011 1420 1000 1196 1878 1108 1179 1454 1110 1273 1310 1960 1847 1450 1259 1005 1939 1109 1807 1260 1662 1333 1751 1633 1654 1299 1879 1849 1435 1876 1667 1967 1306 1544 1381 1797 1172 1885 1919 1783 1424 1536 1341 1027 1682 1471 1784 1954 1513 1202 1302 1939 1129 1397 1341 1620 1262 1068 1540 1379 BCNSPRNW ULIB Ver.6.0+V

เปลี่ยนเป็นภาษาไทย

Change to English
 แสดงรายละเอียดบรรณานุกรม
  กลับหน้าหลัก

Brief Record : Get Marc (ISO 2709) : E-mail record : QR code < ปิดหน้าต่าง
LEADER : 00000nam 2200000uu 4500
001    13399127775
003     ULIB
008    210824s2563||||th 000 0 tha d
020    ^a9786163145932
060    ^aWY160^bอ871ก
100 0   ^aเอกอุมา อิ้มคำ
245 0  ^aการพยาบาลผู้ที่มีความผิดปกติด้านความคิดและการรับรู้/^cเอกอุมา อิ้มคำ
260    ^aกรุงเทพฯ:^bมหาวิทยาลัยธรรมศาสตร์,^c2563
300    ^a340 หน้า:^bภาพประกอบ
650    ^aการพยาบาล
650    ^aผู้ป่วยจิตเวช^xการพยาบาล
700 0   ^aเอกอุมา อิ้มคำ
945    ^p310^l0^i008127
999    ^aประนอม เกษจรัล
รายการนี้ยังไม่มีแท็ก
คุณยังไม่ได้ล็อกอิน คุณสามารถมีกิจกรรมร่วมกับเว็บไซต์ได้ แต่ต้องล็อกอินก่อน ::
  ล็อกอิน

รายการสื่อสารสนเทศ

ลำดับที่ ประเภท เลขเรียก/บาร์โค้ด สถานที่ สถานะ
1. Book การพยาบาล
หนังสือสำรอง
สถานะ=หนังสือสำรอง
WY160 อ871ก ฉ.1 
  Barcode: 008127
ห้องสมุดวิทยาเขตสวรรค์ประชารักษ์
►หนังสือทั่วไป
ถูกยืม กำหนดส่งวันที่ 31 พฤษภาคม 2569
  จอง

รายการใกล้เคียง
    ผู้แต่ง [เอกอุมา อิ้มคำ]

    หัวเรื่อง [การพยาบาล]

BibComment


ยังไม่เคยถูกคอมเมนท์

คอมเมนท์ทรัพยากรรายการนี้
  คอมเมนท์: การพยาบาลผู้ที่ม..


 Copyright 2026. Bcnsprnw @Library